Planet earth : egotists and ecosystems.

A collection of fictional and non-fictional stories and essays dealing with the environment, including its destruction, protection, and human impact.

Bibliographic Details
Format: Book
Language:English
Published: New York : Rosen Pub. Group, 1991.
Series:Icarus world issues series.
Subjects:

MARC

Tag First Indicator Second Indicator Subfields
LEADER 00000cam a22000008a 4500
001 in00001069774
005 20150929101606.0
008 910904s1991 nyu j 001 0 eng
010 |a  91000875  
020 |a 0823913341 (hard) :  |c $16.95 
020 |a 082391335X (pbk.) :  |c $8.95 
035 |a (OCoLC)24467205 
035 |9 AFP2078AM 
040 |a DLC  |c DLC  |d MRQ  |d TXA  |d UtOrBLW 
049 |a TXAM 
050 0 0 |a PZ5  |b .P664 1991 
082 0 0 |a 809/.93355  |2 20 
245 0 0 |a Planet earth :  |b egotists and ecosystems. 
264 1 |a New York :  |b Rosen Pub. Group,  |c 1991. 
300 |a 167 pages :  |b illustrations ;  |c 22 cm. 
336 |a text  |b txt  |2 rdacontent 
337 |a unmediated  |b n  |2 rdamedia 
338 |a volume  |b nc  |2 rdacarrier 
490 1 |a Icarus world issues series 
504 |a Includes bibliographical references and index. 
520 |a A collection of fictional and non-fictional stories and essays dealing with the environment, including its destruction, protection, and human impact. 
650 0 |a Ecology  |x Literary collections. 
650 0 |a Pollution  |x Literary collections. 
650 0 |a Nature  |x Effect of human beings on  |x Literary collections. 
650 0 |a Environmental policy  |x Literary collections. 
650 1 |a Ecology  |x Literary collections. 
650 1 |a Pollution  |x Literary collections. 
650 1 |a Environmental policy  |x Literary collections. 
830 0 |a Icarus world issues series. 
999 |a MARS 
999 f f |s a07f0f03-1a9d-34a3-ab05-0b216d2c441f  |i 421e3731-a0f4-3165-be01-0454d060fc98  |t 0 
952 f f |p ric  |a Texas A&M University  |b Rellis Campus  |c Joint Library Facility  |d Remote Storage  |t 0  |e PZ5 .P664 1991  |h Library of Congress classification  |i unmediated -- volume  |m A14815698001 
998 f f |a PZ5 .P664 1991  |t 0  |l Remote Storage